Villes de France - Par panorama # 6 - Statistiques

Statistiques générales
  • Ce quiz a été pris 33 fois
  • Le résultat moyen est 5 sur 20
Statistiques - réponses
Par images Réponse % Correct
Lille
76%
Arles
62%
Annecy
59%
Rouen
45%
Tours
34%
Lorient
28%
Montauban
28%
Lourdes
24%
Villeurbanne
24%
Chambéry
21%
Nevers
17%
Niort
17%
Saint-Denis
17%
Pointe-à-Pitre
14%
Tulle
10%
Cergy
7%
Papeete
7%
Alençon
3%
Châlons-en-Champagne
3%
Privas
3%
Aucun quiz correspondant
Distribution des résultats
% des personnes avec chaque résultat
Percentile par nombre de réponses
Votre historique - résultats
Vous n’avez pas pris ce quiz